Portrait of Spain : (Record no. 5839)

MARC details
000 -LEADER
fixed length control field 01813cam a22004457a 4500
001 - CONTROL NUMBER
control field 17480882
003 - CONTROL NUMBER IDENTIFIER
control field OSt
005 - DATE AND TIME OF LATEST TRANSACTION
control field 20260429104044.0
008 - FIXED-LENGTH DATA ELEMENTS--GENERAL INFORMATION
fixed length control field 121001s2012 at a bc 001 0 eng d
010 ## - LIBRARY OF CONGRESS CONTROL NUMBER
LC control number 2012493364
020 ## - INTERNATIONAL STANDARD BOOK NUMBER
International Standard Book Number 9781921503443
Qualifying information pbk.
035 ## - SYSTEM CONTROL NUMBER
System control number 17480882
035 ## - SYSTEM CONTROL NUMBER
System control number (OCoLC)777976025
037 ## - SOURCE OF ACQUISITION
Source of stock number/acquisition PO Box 3686 South Brisbane QLD 4101
040 ## - CATALOGING SOURCE
Language of cataloging eng
Transcribing agency Foundation University
041 1# - LANGUAGE CODE
Language code of text/sound track or separate title eng
Language code of original spa
042 ## - AUTHENTICATION CODE
Authentication code anuc
-- lccopycat
043 ## - GEOGRAPHIC AREA CODE
Geographic area code u-at-qn
050 00 - LIBRARY OF CONGRESS CALL NUMBER
Classification number N 7106
Item number .P67 2012
100 1# - MAIN ENTRY--PERSONAL NAME
Personal name Portús Pérez, Javier.
9 (RLIN) 15772
245 10 - TITLE STATEMENT
Title Portrait of Spain :
Remainder of title masterpieces from the Prado /
Statement of responsibility, etc. [Javier Portús Pérez, Gabriele Finaldi ; translated by Michael Agnew].
260 ## - PUBLICATION, DISTRIBUTION, ETC.
Place of publication, distribution, etc. South Brisbane, Qld. :
Name of publisher, distributor, etc. Queensland Art Gallery,
Date of publication, distribution, etc. c2012.
264 ## - PRODUCTION, PUBLICATION, DISTRIBUTION, MANUFACTURE, AND COPYRIGHT NOTICE
Copyright Date 2012
300 ## - PHYSICAL DESCRIPTION
Extent 304 p. :
Other physical details col. ill. ;
Dimensions 31 cm.
Materials specified books
Type of unit books
336 ## - CONTENT TYPE
Content type term text
Content type code txt
Source rdacontent
Materials specified books
337 ## - MEDIA TYPE
Media type term unmediated
Media type code n
Source rdamedia
Materials specified books
338 ## - CARRIER TYPE
Carrier type term volume
Carrier type code nc
Source rdacarrier
Materials specified books
500 ## - GENERAL NOTE
General note Catalog accompanies an exhibition held at the Queensland Art Gallery, Brisbane, Australia, July 21-Nov. 4, 2012.
504 ## - BIBLIOGRAPHY, ETC. NOTE
Bibliography, etc. note Includes bibliographical references (p. 285-296) and index.
610 20 - SUBJECT ADDED ENTRY--CORPORATE NAME
Corporate name or jurisdiction name as entry element Museo del Prado
Form subdivision Exhibitions.
9 (RLIN) 15773
650 #0 - SUBJECT ADDED ENTRY--TOPICAL TERM
Topical term or geographic name entry element Art, Spanish
Geographic subdivision Spain
-- Madrid
Form subdivision Exhibitions.
9 (RLIN) 15774
655 #7 - INDEX TERM--GENRE/FORM
Genre/form data or focus term Exhibition catalogs.
Source of term lcgft
Authority record control number or standard number https://id.loc.gov/authorities/genreForms/gf2014026098
9 (RLIN) 12632
700 1# - ADDED ENTRY--PERSONAL NAME
Personal name Finaldi, Gabriele.
9 (RLIN) 15775
710 2# - ADDED ENTRY--CORPORATE NAME
Corporate name or jurisdiction name as entry element Queensland Art Gallery.
9 (RLIN) 13987
710 2# - ADDED ENTRY--CORPORATE NAME
Corporate name or jurisdiction name as entry element Museo del Prado.
9 (RLIN) 15776
906 ## - LOCAL DATA ELEMENT F, LDF (RLIN)
a 7
b cbc
c copycat
d 3
e ncip
f 20
g y-gencatlg
942 ## - ADDED ENTRY ELEMENTS (KOHA)
Source of classification or shelving scheme Library of Congress Classification
Koha item type Books
Classification part N 7106
Item part .2012 P67
Call number prefix (DAFA-FA)
Holdings
Withdrawn status Lost status Source of classification or shelving scheme Damaged status Not for loan Collection code Home library Current library Shelving location Date acquired Source of acquisition Total Checkouts Full call number Barcode Date last seen Price effective from Koha item type Accession Number
    Library of Congress Classification     Non-fiction Foundation University Library Foundation University Library DoArchitecture & Fine Arts 04/29/2026 Donations   (DAFA-FA) N 7106 .2012 P67 0192026003286 04/29/2026 04/29/2026 Books DAFA-2026286